Dôležitosť emocionálnej a vzťahovej inteligencie v riadiacom procese

Emocionálna inteligencia a úspech. Pohľad na obsah kvality emocionálnej inteligencie. Sebauvedomenie, sebaovládanie, sebamotivácia, empatia a sociálna kompetencia - súčasti emocionálnej inteligencie. Vzťahová inteligencia - slušnosť, zdvorilosť a takt ako predpoklad úspešnosti v riadení. Prienik vzť...

Descrizione completa

Salvato in:
Dettagli Bibliografici
Autore principale: Soroková, Tatiana
Natura: Capitolo di libro
Lingua:slovacco
Soggetti:
Tags: Aggiungi Tag
Nessun Tag, puoi essere il primo ad aggiungerne!!

MARC

LEADER 00000naa a2200000 4500
001 0289423
005 20240417075221.7
041 0 |a slo 
044 |a SK 
245 1 0 |a Dôležitosť emocionálnej a vzťahovej inteligencie v riadiacom procese  |c Tatiana Soroková 
520 |a Emocionálna inteligencia a úspech. Pohľad na obsah kvality emocionálnej inteligencie. Sebauvedomenie, sebaovládanie, sebamotivácia, empatia a sociálna kompetencia - súčasti emocionálnej inteligencie. Vzťahová inteligencia - slušnosť, zdvorilosť a takt ako predpoklad úspešnosti v riadení. Prienik vzťahovej a emocionálnej inteligencie. 
610 2 0 |a inteligencia emocionálna 
610 2 0 |a pracovníci riadiaci 
610 2 0 |a sebariadenie 
610 2 0 |a motivácia 
610 2 0 |a empatia 
610 2 0 |a kompetencie 
610 2 0 |a komunikácia 
100 1 |a Soroková, Tatiana